• 首页
  • 本馆介绍
  • 公告通知
  • 最新文献
  • 馆藏检索
  • 电子资源
  • 读者导购
  • 参考咨询
  • 我的图书馆
  • 登录
  • 详细信息显示
  • 放入我的书架
  • 预约/预借图书
  • 作者相关作品
  • 分类相关作品
  • 丛书相关作品
  • 出版社相关作品

书目信息

  • 表格格式
  • 工作单格式
  • 卡片格式
题名:
学校管理那些事
    
 
作者: 原绿色 著
分册:  
出版信息: 北京   北京师范大学出版社  2016
页数: 402页
开本: 24cm
丛书名: 教育家文丛
单 册:
中图分类: G471.2
科图分类:
主题词: 校长--xiao zhang--学校管理--研究
电子资源:
ISBN: 978-7-303-19911-2
000 00931nam 2200265 450
001 012001003410
005 20131026083650.0
010    @a978-7-303-19911-2@dCNY40.00
099    @aCAL 012016067828
100    @a20160606d2016 em y0chiy0121 ea
101 0  @achi
102    @aCN@b110000
105    @ay z 000yy
106    @ar
200 1  @a学校管理那些事@Axue xiao guan li na xie shi@f原绿色著
210    @a北京@c北京师范大学出版社@d2016
215    @a402页@d24cm
225 2  @a教育家文丛@Ajiao yu jia wen cong
330    @a本书内容包括: 第1辑学校愿景, 校长心中的殿堂; 第2辑教育是一种坚守; 第3辑特别的爱给特别的你; 第4辑每个人都是学校的形象大使; 第5辑假如用“谷歌的文化”管理学校; 第6辑真正的教育是心灵的互动。
410  0 @12001 @a教育家文丛
606 0  @a校长@Axiao zhang@x学校管理@x研究
690    @aG471.2@v5
701  0 @a原绿色@AYuan Lv Se@4著
801  2 @aCN@b江苏凤凰@c20191020
905    @b1226755-8@dG471.2@e182@f4
    
    学校管理那些事/原绿色著.-北京:北京师范大学出版社,2016
    402页;24cm.-(教育家文丛)
    
    
    ISBN 978-7-303-19911-2:CNY40.00
    本书内容包括: 第1辑学校愿景, 校长心中的殿堂; 第2辑教育是一种坚守; 第3辑特别的爱给特别的你; 第4辑每个人都是学校的形象大使; 第5辑假如用“谷歌的文化”管理学校; 第6辑真正的教育是心灵的互动。
●
相关链接 在E读中查询图书 在五车中查询图书 在当当中查询图书 在豆瓣中查询图书


正题名:学校管理那些事     索取号:G471.2/182         预约/预借

序号 登录号 条形码 馆藏地/架位号 状态 备注
1 1226755   212267553   第一样本阅览室/ [索取号:G471.2/182] 在馆    
2 1226756   212267562   教育系资料室/ [索取号:G471.2/182] 在馆    
3 1226757   212267571   教育系资料室/ [索取号:G471.2/182] 在馆    
4 1226758   212267580   第四借阅区/ [索取号:G471.2/182] 在馆    
唐山师范学院图书馆 欢迎您!
大连网信软件有限公司© 版权所有